Statistics for NBA Starting Lineups Per Decade

Click here to take the quiz!

General Stats

  • This quiz has been taken 676 times
  • The average score is 30 of 46

Answer Stats

Players Decade % Correct
Michael Jordan1980, 1990
95%
LeBron James2000, 2010
95%
Kobe Bryant2000
93%
Stephen Curry2010
92%
Magic Johnson1980
91%
Wilt Chamberlain1960
90%
Shaquille O'Neal2000
90%
Kevin Durant2010
89%
Larry Bird1980
87%
Kareem Abdul-Jabbar1970, 1980
86%
Jerry West1960
86%
Scottie Pippen1990
84%
Bill Russell1960
84%
Tim Duncan2000
84%
Karl Malone1990
83%
James Harden2010
83%
Moses Malone1980
83%
Hakeem Olajuwon1990
82%
John Stockton1990
77%
Steve Nash2000
76%
Phil Jackson1990
74%
Oscar Robertson1960
71%
Gregg Popovich2000
70%
Jason Kidd2000
68%
Steve Kerr2010
68%
Bob Cousy1960
66%
Julius Erving1970
65%
Dwyane Wade2000
63%
Anthony Davis2010
60%
Russell Westbrook2010
58%
Charles Barkley1990
58%
Elgin Baylor1960
56%
Kevin Garnett2000
55%
John Havlicek1970
55%
Isiah Thomas1980
54%
Bob Pettit1960
44%
Kawhi Leonard2010
41%
Pat Riley1980
40%
Walt Frazier1970
36%
Red Auerbach1960
33%
Gary Payton1990
31%
George Gervin1970
30%
Elvin Hayes1970
30%
Pete Maravich1970
29%
Bernard King1980
15%
Red Holzman1970
5%

Score Distribution

Percentile by Number Answered

Percent of People with Each Score

Your Score History

You have not taken this quiz